| 000 | 00425nam a2200205Ia 4500 | ||
|---|---|---|---|
| 003 | IT-RoPAU | ||
| 008 | 120407s9999 xx 000 0 und d | ||
| 040 | _aIT-RoPAU | ||
| 040 | _cIT-RoPAU | ||
| 041 | _aita | ||
| 100 | _aGiuseppe Barbaglio | ||
| 245 | _aSchede bibliche pastorali (A-B) | ||
| 250 | _aBologna | ||
| 260 | _aEDB | ||
| 260 | _c1982 | ||
| 300 | _c24 cm | ||
| 490 | _v18 | ||
| 942 | _cBK | ||
| 999 |
_c23161 _d23161 |
||